000 01174nam a2200325 i 4500
001 57441
003 CO-BoRNBP
005 20250702150120.0
007 ta
008 231108s2023 ck a||||r|||| 00| p spa d
020 _a9789585292000
040 _aCO-BoRNBP
_bspa
_erda
_cCO-BoRNBP
041 0 _aspa
043 _as-ck---
084 _aP POS10
100 _aPosada Saldarriaga, Pilar,
_d1953-
_eautora
_958528
245 1 0 _aDe los pies a la cabeza
_bjuega conmigo
_cPilar Posada ; ilustraciones de Juliana Salcedo Reyes
250 _aPrimera reimpresión
_bSegunda reimpresión
264 1 _aBogotá, Colombia
_bCataplum Libros
_c2022
_c2023
300 _a28 páginas sin numerar
_bilustraciones a color
_c19 cm
336 _atexto
_btxt
_2rdacontent
337 _asin mediación
_bn
_2rdamedia
338 _avolumen
_bnc
_2rdacarrier
521 _aRecomendado para un público infantil a partir de los 6 años
650 1 7 _aJuegos infantiles en la literatura
_2LEMB
_929192
650 1 7 _aPoesía infantil colombiana
_ySiglo XXI
_2LEMB
_91772
650 1 7 _aLiteratura infantil colombiana
_2LEMB
_934
700 _aSalcedo, Juliana
_eilustradora
_960676
942 _2loc
_cBKLITI
999 _c57441
_d57441